00163nam a22000737a 4500003000400000245004700004260002000051300001800071SGT aJournal of Oral and maxillofacial Surgery bElsevier c2021 a941,1802,2607